000 00972nam a22001937a 4500
999 _c56910
_d56910
003 Ge_BSU
005 20200525142545.0
008 190617b2018 ||||| |||| 00| 0 geo d
020 _a9789941278969
041 _ageo
080 _a51(038) : 81'374.26:51=353.1=111
100 _aგაბესკირია, ციცინო.
_92528
245 _aქართულ-ინგლისური მათემატიკური ლექსიკონი = Georgian-English Mathematical Dictionary /
_cციცინო გაბესკირია ; ტექნ. რედ : მერი ბიწაძე.
264 _aთბილისი,
_c2018.
300 _a400 გვ. ;
_c 20 სმ.
653 _aქართულ-ინგლისური მათემატიკური ლექსიკონი
700 _aბიწაძე, მერი
_eტექნიკური რედაქტორი
_92529
942 _2udc
_cBK